|
|
|
|
| LEADER |
01216cam a2200337 a 4500 |
| 001 |
c000283991 |
| 003 |
CARM |
| 005 |
20080707090214.0 |
| 008 |
780802s1977 enk 001 0 eng d |
| 010 |
|
|
|a 77676979
|
| 015 |
|
|
|a GB77-15672
|
| 019 |
1 |
|
|a 1250497
|z 23839475
|z 23036750
|z 27528127
|5 LACONCORD2021
|
| 020 |
|
|
|a 0632004398 :
|c £3.25
|
| 035 |
|
|
|a (OCoLC)3553210
|5 LACONCORD2021
|
| 040 |
|
|
|a LC
|b eng
|c LC
|d VCAV
|
| 050 |
1 |
4 |
|a BF121
|b .J33 1977
|
| 082 |
0 |
4 |
|a 150.24613
|2 19
|
| 100 |
1 |
|
|a Jarvis, Jennifer M.
|
| 245 |
1 |
0 |
|a Psychology for nurses /
|c Jennifer M. Jarvis, John Gibson.
|
| 250 |
|
|
|a 4th ed.
|
| 260 |
|
|
|a Oxford :
|b Blackwell Scientific,
|c 1977.
|
| 300 |
|
|
|a 148 p. ;
|c 22 cm.
|
| 500 |
|
|
|a Distributed in the United States of America by J.B. Lippincott, Philadelphia.
|
| 500 |
|
|
|a Includes index.
|
| 650 |
|
0 |
|a Psychology.
|
| 650 |
|
0 |
|a Nursing
|x Psychological aspects.
|
| 650 |
|
2 |
|a Psychology
|x Nurses' instruction.
|
| 700 |
1 |
|
|a Gibson, John,
|d 1907-
|
| 852 |
8 |
|
|b CARM
|h A3:AR01B0
|i B10740
|p 0492183
|f BK
|
| 999 |
f |
f |
|i f3f11808-b11d-534f-a514-93395f2d545f
|s a08cb62e-4d09-504a-8d7c-cb40879798b2
|
| 952 |
f |
f |
|p Can circulate
|a CAVAL
|b CAVAL
|c CAVAL
|d CARM 1 Store
|e B10740
|f A3:AR01B0
|h Other scheme
|i book
|m 0492183
|